| 000 | 01713nam0a2200409 4500 | ||
|---|---|---|---|
| 001 | RU\NLR\bibl\340332 | ||
| 005 | 20260405131830.0 | ||
| 010 |
_a5-17-012283-7 _bАСТ |
||
| 010 |
_a5-271-03574-3 _bАстрель _97000 |
||
| 021 |
_aRU _b2002-41115 _91999 |
||
| 035 | _a(NLR Aleph) 000335202 | ||
| 090 |
_a181836 _c181836 |
||
| 100 | _a20021104d2002 |||y0rusy50 ca | ||
| 101 | 1 |
_arus _ceng |
|
| 102 | _aRU | ||
| 105 | _ay ||||||||| | ||
| 200 | 1 |
_aОсновы дрессировки, или Как изменить своего мужчину без его ведома _eРук. для женщин _fМишель Вейнер-Девис _g[Пер. с англ. Т. Гвоздевой] |
|
| 210 |
_aМ. _cАСТ _cАстрель _d2002 |
||
| 215 |
_a319 с. _d21 |
||
| 517 | 0 | _aКак изменить своего мужчину без его ведома | |
| 606 | 0 |
_aМужчины _xПсихология _91646922 _3RU\NLR\auth\66728704 |
|
| 606 | 1 |
_aМужчины _xПсихологические исследования _92226330 _3RU\NLR\AUTH\6601569356 |
|
| 606 | 0 |
_aСемья и брак _xСоциально-психологические исследования _92075079 _3RU\NLR\auth\661250120 |
|
| 610 | 0 | _aМужчина - Психология | |
| 675 |
_a159.922.1 _v3 _zrus |
||
| 686 |
_a15 _2rugasnti |
||
| 686 |
_a88.37 _2rubbk |
||
| 686 | _aЮ937.32 | ||
| 686 | _aС550.53 | ||
| 700 | 1 |
_4070 _8rus _7ca _aВейнер-Дэвис _bМ. _gМишель _3RU\NLR\auth\7752777 _935710 |
|
| 801 | 0 |
_aRU _bRKP _c20021104 _gPSBO |
|
| 801 | 1 |
_aRU _bRKP _c20021104 |
|
| 801 | 2 |
_aRU _bNLR _c20070605 _grcr |
|
| 942 | _cBOOK | ||
| 980 | _aNB | ||